00582pab a2200181 454500008004000000100002900040245009400069260000900163300001500172362001200187650002000199650002700219773001700246908000600263909001000269999001700279952010400296180718b2010 xxu||||| |||| 00| 0 eng d aChaudhuri, Dipayan Datta aProductivity growth of Indian manufacturing firms in an era of economic reforms: A review c2010 ap.248-253. aOct-Dec aEconomic reform aManufacturing industry aProductivity aN a94017 c94017d94017 00104070aIIPAbIIPAd2018-07-19hVolume no: 51, Issue no: 3pAR94477r2018-07-19w2018-07-19yAR